[Event "IX Floripa Chess Open Fort Atacadista"]
[Site "Florianópolis - Santa Catari"]
[Date "2023.01.26"]
[Round "6.225"]
[White "Zottis, Ernani"]
[Black "Miranda, Bianca"]
[Result "0-1"]
[WhiteElo "1352"]
[BlackElo "1800"]
[PlyCount "58"]
[EventDate "2023.01.23"]
[EventRounds "10"]
[EventCountry "BRA"]

1. e4 d5 2. e5 c5 3. Nf3 Nc6 4. Bb5 Qb6 5. Bxc6+ Qxc6 6. d4 Bg4 7. c3 e6 8. h3
Bh5 9. Be3 Ne7 10. Nbd2 f6 11. Nf1 Qc7 12. Bf4 Nc6 13. g4 Bg6 14. Qd2 fxe5 15.
Nxe5 Bd6 16. Qe3 Bxe5 17. dxe5 O-O 18. Bg3 d4 19. Qd2 dxc3 20. Qxc3 Nd4 21. Ne3
Rf3 22. Rc1 b6 23. Qxd4 cxd4 24. Rxc7 dxe3 25. Ke2 Raf8 26. Rf1 exf2 27. Rd7
Rxg3 28. Rfd1 Be4 29. R7d6 Bd5 0-1

[Event "IX Floripa Chess Open Fort Atacadista"]
[Site "Florianópolis - Santa Catari"]
[Date "2023.01.26"]
[Round "6.226"]
[White "Fugimoto, Rafael Aoki"]
[Black "De Souza, Samuel De Deus"]
[Result "1-0"]
[WhiteElo "1317"]
[BlackElo "1800"]
[PlyCount "81"]
[EventDate "2023.01.23"]
[EventRounds "10"]
[EventCountry "BRA"]

1. d4 d5 2. Nf3 Bf5 3. Bf4 c5 4. c3 Nc6 5. e3 Qb6 6. Qc1 e6 7. Nbd2 Nf6 8. Be2
Be7 9. O-O O-O 10. Ne5 Nxe5 11. dxe5 Nd7 12. Nf3 Bg4 13. Rd1 Bxf3 14. Bxf3 Qc7
15. e4 dxe4 16. Bxe4 Rab8 17. Qe3 g6 18. Bc2 Rfe8 19. Rd2 Bf8 20. Rad1 Rbd8 21.
Bg5 Be7 22. Bxe7 Rxe7 23. Ba4 a6 24. c4 b5 25. cxb5 Qa5 26. Qb3 axb5 27. Qxb5
Qxb5 28. Bxb5 Ra8 29. Bxd7 Rxa2 30. Bb5 Rb7 31. Bc4 Raxb2 32. Rxb2 Rxb2 33. Rc1
Rb4 34. Bd3 Rd4 35. Bf1 Rd5 36. f4 Kf8 37. Kf2 Ke7 38. Ke3 Kd7 39. Bc4 Rd4 40.
Bb5+ Kc7 41. Rxc5+ 1-0

[Event "IX Floripa Chess Open Fort Atacadista"]
[Site "Florianópolis - Santa Catari"]
[Date "2023.01.26"]
[Round "6.227"]
[White "Solanho, Henrique Sulzbach"]
[Black "Bassani, Eduardo"]
[Result "0-1"]
[WhiteElo "1098"]
[BlackElo "1912"]
[PlyCount "38"]
[EventDate "2023.01.23"]
[EventRounds "10"]
[EventCountry "BRA"]

1. d4 Nf6 2. Nf3 e6 3. Bf4 c5 4. e3 Nc6 5. c3 cxd4 6. exd4 Be7 7. Bd3 O-O 8.
Nbd2 d6 9. Qc2 a6 10. O-O h6 11. Rfe1 b5 12. a4 b4 13. Ne4 bxc3 14. Qxc3 Bb7
15. b4 Nd5 16. Qd2 Ncxb4 17. Bc4 Nxf4 18. Qxf4 d5 19. Nc5 Bxc5 0-1

[Event "IX Floripa Chess Open Fort Atacadista"]
[Site "Florianópolis - Santa Catari"]
[Date "2023.01.26"]
[Round "6.228"]
[White "Makowski, Silvia Cristina"]
[Black "Souza Jr, Helemberg Cubica De"]
[Result "0-1"]
[WhiteElo "1059"]
[BlackElo "1720"]
[PlyCount "62"]
[EventDate "2023.01.23"]
[EventRounds "10"]
[EventCountry "BRA"]

1. e4 c5 2. Nf3 d6 3. c3 Nf6 4. Be2 Nxe4 5. Qa4+ Nc6 6. Qxe4 d5 7. Qc2 e5 8. d3
Bf5 9. O-O c4 10. Ne1 Bd6 11. Qa4 cxd3 12. Nxd3 O-O 13. Qb3 Be6 14. Bd2 Qc7 15.
Nb4 Nxb4 16. cxb4 Rac8 17. Qd1 e4 18. g3 f5 19. Nc3 a6 20. Rc1 Qf7 21. Bf4 Bxf4
22. gxf4 Rfd8 23. Kh1 d4 24. Nb1 d3 25. Rxc8 Rxc8 26. Bxd3 exd3 27. Qxd3 Bc4
28. Qh3 Bxf1 29. Qxf1 Qxa2 30. Nc3 Qxb2 31. Nd5 Rc1 0-1

[Event "IX Floripa Chess Open Fort Atacadista"]
[Site "Florianópolis - Santa Catari"]
[Date "2023.01.26"]
[Round "6.229"]
[White "De Souza, Felipe De Deus"]
[Black "Nobre, Jose Adalberto Barb"]
[Result "0-1"]
[WhiteElo "1800"]
[BlackElo "1542"]
[PlyCount "54"]
[EventDate "2023.01.23"]
[EventRounds "10"]
[EventCountry "BRA"]

1. e4 c5 2. Nf3 g6 3. d4 cxd4 4. Nxd4 Bg7 5. Nc3 Nc6 6. Be3 Nf6 7. Bc4 Qa5 8.
O-O d6 9. Nxc6 bxc6 10. Bd2 Qc7 11. Bf4 O-O 12. Re1 Nd7 13. Qd2 Ne5 14. Bb3 Qd7
15. Bh6 Qg4 16. Re3 Bxh6 17. Qd4 Bxe3 18. Qxe3 Qh4 19. Ba4 Ba6 20. f4 Ng4 21.
Qg3 Qxg3 22. hxg3 Bb5 23. Bxb5 cxb5 24. Nxb5 Rfc8 25. c3 a6 26. Nd4 Rab8 27.
Rb1 Rxc3 0-1

[Event "IX Floripa Chess Open Fort Atacadista"]
[Site "Florianópolis - Santa Catari"]
[Date "2023.01.26"]
[Round "6.230"]
[White "Emmerich, Maria Isabel"]
[Black "Ludtke, Ezequiel Rodrigues"]
[Result "0-1"]
[WhiteElo "1800"]
[BlackElo "1538"]
[PlyCount "52"]
[EventDate "2023.01.23"]
[EventRounds "10"]
[EventCountry "BRA"]

1. e4 e5 2. Nf3 Nc6 3. Nc3 Bc5 4. Bc4 Nf6 5. d3 d6 6. h3 Be6 7. Bb3 h6 8. Be3
Bb6 9. O-O O-O 10. Bxe6 fxe6 11. Qd2 Kh7 12. d4 exd4 13. Nxd4 Qe8 14. Nxc6 Qxc6
15. Qd3 e5 16. Bd2 Rf7 17. Qf3 Raf8 18. Qf5+ Kh8 19. Qf3 Nh7 20. Qe2 Bxf2+ 21.
Kh1 Bb6 22. Rxf7 Rxf7 23. Qh5 Rf8 24. Qh4 Qc5 25. g3 Qd4 26. Bc1 Qg1# 0-1

[Event "IX Floripa Chess Open Fort Atacadista"]
[Site "Florianópolis - Santa Catari"]
[Date "2023.01.26"]
[Round "6.231"]
[White "Koinski, Carlos Cesar"]
[Black "Cunha, Paola De Oliveira"]
[Result "1-0"]
[WhiteElo "1450"]
[BlackElo "1838"]
[PlyCount "105"]
[EventDate "2023.01.23"]
[EventRounds "10"]
[EventCountry "BRA"]

1. Nf3 Nf6 2. d4 g6 3. c4 Bg7 4. Nc3 O-O 5. e4 d6 6. Be3 Re8 7. Be2 Nbd7 8. O-O
b6 9. Qc2 e5 10. d5 Nc5 11. b4 Nb7 12. a3 Bd7 13. Qc1 c5 14. h3 Qe7 15. Bg5 Qf8
16. Nh2 h6 17. Bd2 a5 18. b5 a4 19. Qc2 Na5 20. Nxa4 Nb7 21. Nxb6 Rab8 22. a4
Nd8 23. Nxd7 Nxd7 24. a5 Nf6 25. Ng4 Nxg4 26. Bxg4 Ra8 27. a6 Re7 28. Rae1 h5
29. Bf3 Bh6 30. Qc1 Bxd2 31. Qxd2 f6 32. Ra1 Nf7 33. Be2 Ng5 34. Qe3 Qh6 35.
Bd3 Rf8 36. h4 Nf7 37. Qxh6 Nxh6 38. f3 f5 39. exf5 gxf5 40. a7 Ra8 41. b6 Rb7
42. Rfc1 Kf7 43. Bc2 Kf6 44. Ra6 Nf7 45. Ba4 e4 46. Bc6 Rbxa7 47. bxa7 Rg8 48.
a8=Q Rxa8 49. Rxa8 Ne5 50. fxe4 fxe4 51. Rf1+ Ke7 52. Ra7+ Kd8 53. Rf8# 1-0

[Event "IX Floripa Chess Open Fort Atacadista"]
[Site "Florianópolis - Santa Catari"]
[Date "2023.01.26"]
[Round "6.232"]
[White "Leite, Gina Dourado Rocha"]
[Black "Biazon, Natalia De Oliveira"]
[Result "0-1"]
[WhiteElo "1430"]
[BlackElo "1813"]
[PlyCount "76"]
[EventDate "2023.01.23"]
[EventRounds "10"]
[EventCountry "BRA"]

1. e4 e6 2. d4 d5 3. Nc3 (3. c3) 3... c5 4. Nf3 Nc6 5. Bg5 Be7 6. Bxe7 Ngxe7 7.
dxc5 O-O 8. e5 Qa5 9. Bb5 a6 10. Bd3 Qxc5 11. O-O Qb6 12. Bxh7+ Kxh7 13. Ng5+
Kg8 14. Qh5 Rd8 15. Qh7+ Kf8 16. Qh5 g6 17. Qh6+ Ke8 18. Qh8+ Kd7 19. Qf6 Rf8
20. Rad1 Qc7 21. Nce4 Qxe5 22. Nc5+ Ke8 23. Qxe5 Nxe5 24. Nh7 Rh8 25. Nf6+ Kf8
26. f4 Nc4 27. Rf3 e5 28. b3 Nb6 29. fxe5 Bf5 30. c4 dxc4 31. Rf4 cxb3 32. axb3
Kg7 33. Nxb7 Rab8 34. Nd6 Bc2 35. Rdf1 Bxb3 36. Ng4 Rbf8 37. R1f3 Be6 38. Nf6
Nbd5 0-1

[Event "IX Floripa Chess Open Fort Atacadista"]
[Site "Florianópolis - Santa Catari"]
[Date "2023.01.26"]
[Round "6.234"]
[White "Da Luz, Fabio Rodolfo"]
[Black "Bertusso, Amanda"]
[Result "1-0"]
[WhiteElo "1373"]
[BlackElo "1800"]
[PlyCount "55"]
[EventDate "2023.01.23"]
[EventRounds "10"]
[EventCountry "BRA"]

1. e4 e5 2. Nf3 Nc6 3. Bc4 Nf6 4. Ng5 d5 5. exd5 Na5 6. Bb5+ Bd7 7. Bxd7+ Qxd7
8. Nc3 Bc5 9. O-O O-O 10. Nce4 Nxe4 11. Nxe4 Qxd5 12. d3 h6 13. c3 Bb6 14. Bxh6
Qe6 15. Be3 Bxe3 16. fxe3 Nc6 17. Qf3 Nd8 18. Qg3 f6 19. Rf2 a5 20. Raf1 f5 21.
Ng5 Qg6 22. h4 Ne6 23. Qxe5 Nxg5 24. hxg5 Qxg5 25. Rxf5 Rxf5 26. Rxf5 Qg4 27.
Qe6+ Kh8 28. Rf8+ 1-0

[Event "IX Floripa Chess Open Fort Atacadista"]
[Site "Florianópolis - Santa Catari"]
[Date "2023.01.26"]
[Round "6.235"]
[White "Baena, Mauricio"]
[Black "Ferreira De Souza, Ricardo"]
[Result "0-1"]
[WhiteElo "1784"]
[BlackElo "1365"]
[PlyCount "82"]
[EventDate "2023.01.23"]
[EventRounds "10"]
[EventCountry "BRA"]

1. Nf3 Nf6 2. e3 d5 3. b3 Bf5 4. Bb2 e6 5. Be2 Bd6 6. Nc3 Nc6 7. d3 a6 8. O-O
h5 9. Re1 h4 10. e4 dxe4 11. dxe4 Nxe4 12. Nxe4 Bxe4 13. Bd3 Bd5 14. c4 Bxf3
15. Qxf3 Qg5 16. h3 O-O-O 17. Be4 Bb4 18. Red1 Rd2 19. Bxc6 bxc6 20. Bc1 Rxd1+
21. Qxd1 Qf6 22. Be3 Rd8 23. Qf1 Bd6 24. g3 hxg3 25. Rc1 gxf2+ 26. Qxf2 Qh4 27.
Qg2 Rh8 28. Rc2 f5 29. Qxc6 Qxh3 30. Qxa6+ Kd8 31. Bg5+ Be7 32. Qa8+ Kd7 33.
Qa4+ Kd6 34. Qb4+ Ke5 35. Qc3+ Ke4 36. Bxe7 Qe3+ 37. Qxe3+ Kxe3 38. a4 f4 39.
a5 f3 40. Kf1 Rb8 41. c5 Rxb3 0-1

[Event "IX Floripa Chess Open Fort Atacadista"]
[Site "Florianópolis - Santa Catari"]
[Date "2023.01.26"]
[Round "6.236"]
[White "Spieker, Otavio Schmidt"]
[Black "Nunes, Alice"]
[Result "1/2-1/2"]
[WhiteElo "1352"]
[BlackElo "1800"]
[PlyCount "76"]
[EventDate "2023.01.23"]
[EventRounds "10"]
[EventCountry "BRA"]

1. e4 e5 2. Nf3 Nc6 3. Nc3 Nf6 4. d4 d6 5. dxe5 dxe5 6. Qxd8+ Kxd8 7. Bg5 Bg4
8. h3 Bxf3 9. gxf3 Nd4 10. O-O-O c6 11. Ne2 Kc7 12. Nxd4 exd4 13. Bxf6 gxf6 14.
Rxd4 Bc5 15. Rd3 Bxf2 16. Rh2 Bg3 17. Rg2 Rhg8 18. Kd2 Bf4+ 19. Ke2 Rxg2+ 20.
Bxg2 Rd8 21. Rxd8 Kxd8 22. Kd3 Kd7 23. b4 b6 24. c4 f5 25. b5 Bg5 26. Ke2 Ke6
27. Kf2 Bf4 28. Ke2 Bg5 29. h4 Bxh4 30. f4 Kd6 31. Bh3 h5 32. Bg2 Bg3 33. Kf3
Bh4 34. Bh3 Ke7 35. Bf1 Be1 36. Bh3 Bc3 37. Bxf5 Be1 38. Bh3 Bc3 1/2-1/2

[Event "IX Floripa Chess Open Fort Atacadista"]
[Site "Florianópolis - Santa Catari"]
[Date "2023.01.26"]
[Round "6.237"]
[White "Mayeregger Gonzalez, Fiorella"]
[Black "Baratieri, Maria Vitoria"]
[Result "1-0"]
[WhiteElo "1340"]
[BlackElo "1743"]
[PlyCount "113"]
[EventDate "2023.01.23"]
[EventRounds "10"]
[EventCountry "BRA"]

1. Nf3 d5 2. c4 c6 3. e3 Nf6 4. b3 e6 5. Bb2 Be7 6. Be2 Nbd7 7. O-O O-O 8. Nc3
e5 9. d4 e4 10. Ne5 Nxe5 11. dxe5 Nd7 12. cxd5 Nxe5 13. dxc6 Nxc6 14. Nxe4 Bf5
15. Ng3 Be6 16. Qxd8 Raxd8 17. Rfd1 Rd7 18. Rxd7 Bxd7 19. Rd1 Be6 20. Nh5 f6
21. Nf4 Bf7 22. Bc4 Ne5 23. Bxf7+ Rxf7 24. Bxe5 fxe5 25. Ne2 Bh4 26. g3 Bf6 27.
Rd2 Rc7 28. Kg2 e4 29. Nf4 Bc3 30. Rc2 Be5 31. Rxc7 Bxc7 32. Ne6 Bb6 33. Ng5 h6
34. Nxe4 Kh7 35. Nd6 Kg6 36. Nxb7 Kf6 37. Nd6 g6 38. Nc4 Bc5 39. e4 Bd4 40. f4
g5 41. fxg5+ hxg5 42. g4 Ke6 43. Kf3 Kf6 44. a4 Bc3 45. e5+ Ke6 46. Ke4 Be1 47.
Nb2 Ke7 48. Kf5 a5 49. Kxg5 Ke6 50. Nc4 Ke7 51. h4 Bb4 52. h5 Kf7 53. h6 Kg8
54. Kg6 Kh8 55. Nd6 Be1 56. h7 Bh4 57. Nf7# 1-0

[Event "IX Floripa Chess Open Fort Atacadista"]
[Site "Florianópolis - Santa Catari"]
[Date "2023.01.26"]
[Round "6.238"]
[White "Reginato, Daniel Zonta"]
[Black "Silva, Henrique Brasil Bar"]
[Result "0-1"]
[WhiteElo "1800"]
[BlackElo "1325"]
[PlyCount "66"]
[EventDate "2023.01.23"]
[EventRounds "10"]
[EventCountry "BRA"]

1. e4 c6 (1... Nc6) 2. d4 d5 3. e5 Bf5 4. Bd3 Bxd3 5. Qxd3 (5. cxd3 e6 6. Nf3)
5... e6 6. Nf3 Ne7 7. Nc3 Nd7 (7... Qd7) 8. O-O Nf5 9. Ne2 Be7 10. Ng3 Nxg3 11.
fxg3 O-O 12. Nh4 c5 13. c3 cxd4 14. cxd4 Rc8 15. Nf3 Qb6 16. b3 f6 17. exf6
Bxf6 18. Kh1 Bxd4 19. Ba3 Bxa1 20. Bxf8 Rxf8 21. Rxa1 Nc5 22. Qd4 Ne4 23. Qxb6
axb6 24. Kg1 Rc8 25. Ne5 Rc7 26. Ng4 Kf8 27. Rf1+ Ke7 28. Nf2 Nxf2 29. Kxf2
Rc2+ 30. Kf3 Rxa2 31. Rc1 Kd6 32. h4 Ra3 33. Rb1 Kc5 0-1

[Event "IX Floripa Chess Open Fort Atacadista"]
[Site "Florianópolis - Santa Catari"]
[Date "2023.01.26"]
[Round "6.239"]
[White "Biazon, Heloise De Oliveira"]
[Black "Altenhofen, Rafael Graneto"]
[Result "0-1"]
[WhiteElo "1773"]
[BlackElo "1315"]
[PlyCount "75"]
[EventDate "2023.01.23"]
[EventRounds "10"]
[EventCountry "BRA"]

1. d4 d5 2. Bf4 Bg4 3. h3 Bh5 4. c3 Nc6 5. Nd2 e6 6. Ngf3 Bd6 7. Bg3 Nf6 8. e3
Bg6 9. Be2 O-O 10. O-O Bxg3 11. fxg3 Qd6 12. g4 e5 13. Nh4 Ne4 14. Nxg6 Qxg6
15. Nxe4 Qxe4 16. Qd3 Qxd3 17. Bxd3 e4 18. Be2 Ne7 19. c4 c6 20. cxd5 cxd5 21.
Rac1 Rac8 22. Rxc8 Rxc8 23. g5 Rc2 24. Bg4 Rxb2 25. a3 Rb3 26. Rc1 Nc6 27. Bd7
Rxe3 28. a4 Ra3 29. Rf1 Rxa4 30. Be8 Rxd4 31. Bxf7+ Kf8 32. Bxd5+ Ke7 33. Rf7+
Kd6 34. Bb3 e3 35. Rxg7 Rb4 36. Bc2 Rb2 37. Rxh7 Rxc2 38. Kf1 0-1

[Event "IX Floripa Chess Open Fort Atacadista"]
[Site "Florianópolis - Santa Catari"]
[Date "2023.01.26"]
[Round "6.240"]
[White "Soares, Suyane"]
[Black "Seara, Sophia Parisotto"]
[Result "1-0"]
[WhiteElo "1250"]
[BlackElo "1739"]
[PlyCount "31"]
[EventDate "2023.01.23"]
[EventRounds "10"]
[EventCountry "BRA"]

1. d4 d5 2. e3 Nc6 3. Bd3 Nf6 4. c3 e6 5. Nd2 Bd6 6. f4 O-O 7. Ngf3 b6 8. O-O
Bb7 9. Ne5 Ne7 10. Qf3 Nf5 11. Qh3 Ne4 12. Qf3 Nxd2 13. Bxd2 c5 14. Qh3 Bc8 15.
g4 Ne7 16. Qxh7# 1-0

[Event "IX Floripa Chess Open Fort Atacadista"]
[Site "Florianópolis - Santa Catari"]
[Date "2023.01.26"]
[Round "6.241"]
[White "Furtado, Ian"]
[Black "Abilhoa, Felipe Auer"]
[Result "1/2-1/2"]
[WhiteElo "1584"]
[BlackElo "1249"]
[PlyCount "43"]
[EventDate "2023.01.23"]
[EventRounds "10"]
[EventCountry "BRA"]

1. d4 Nf6 2. Bf4 e6 3. Nf3 Be7 4. e3 d5 5. Bd3 c6 6. O-O O-O 7. Nc3 b6 8. Re1
Bd6 9. Bxd6 Qxd6 10. e4 dxe4 11. Nxe4 Qf4 12. Nxf6+ Qxf6 13. c3 Bb7 14. Qc2 g6
15. Qd2 Qg7 16. Ne5 Rd8 17. Qe3 Nd7 18. Nxd7 Rxd7 19. Red1 Rd5 20. Bc4 Rh5 21.
Qg3 Qf6 22. Qc7 1/2-1/2

[Event "IX Floripa Chess Open Fort Atacadista"]
[Site "Florianópolis - Santa Catari"]
[Date "2023.01.26"]
[Round "6.242"]
[White "Tischler Lema Garcia, Maria Eduarda"]
[Black "Reis Neto, Agassiz Rubim Da S"]
[Result "1-0"]
[WhiteElo "1246"]
[BlackElo "1649"]
[PlyCount "33"]
[EventDate "2023.01.23"]
[EventRounds "10"]
[EventCountry "BRA"]

1. d4 d5 2. Nf3 Nc6 3. e3 Bf5 4. a3 a6 5. Be2 e6 6. O-O e5 7. b3 e4 8. Nfd2 Qd6
9. Bb2 Be7 10. c4 b6 11. Nc3 Be6 12. b4 dxc4 13. Ndxe4 Qd7 14. d5 f5 15. Ng3
Bf7 16. dxc6 Qxc6 17. Bf3 1-0

[Event "IX Floripa Chess Open Fort Atacadista"]
[Site "Florianópolis - Santa Catari"]
[Date "2023.01.26"]
[Round "6.255"]
[White "Weba Filho, Emilio Cesar"]
[Black "Goncalves, Djenifer"]
[Result "1-0"]
[WhiteElo "1081"]
[BlackElo "1597"]
[PlyCount "61"]
[EventDate "2023.01.23"]
[EventRounds "10"]
[EventCountry "BRA"]

1. c4 c5 2. g3 g6 3. Bg2 Bg7 4. Nc3 Nc6 5. Nf3 b6 6. O-O Nf6 7. Qa4 Bb7 8. d3
O-O 9. Bf4 d6 10. Nd2 Qd7 11. Rab1 Rab8 12. a3 Qc7 13. b4 e5 14. Bg5 Nd7 15.
Nb5 Qc8 16. Nxd6 Qc7 17. Nxb7 Rxb7 18. Bxc6 Nf6 19. Bxb7 Qxb7 20. Bxf6 Bxf6 21.
Ne4 Be7 22. bxc5 Qc7 23. cxb6 axb6 24. Nc3 Rb8 25. Nd5 Qd6 26. Qa7 Re8 27. Rxb6
Qd8 28. Rfb1 Bc5 29. Nf6+ Kg7 30. Nxe8+ Qxe8 31. Qb8 1-0

[Event "IX Floripa Chess Open Fort Atacadista"]
[Site "Florianópolis - Santa Catari"]
[Date "2023.01.26"]
[Round "6"]
[White "Do Nascimento, Carlos Augusto Xa"]
[Black "Dos Santos, Douglas Asterio"]
[Result "1-0"]
[WhiteElo "1895"]
[BlackElo "1392"]
[PlyCount "39"]
[EventDate "2023.01.23"]
[EventRounds "10"]
[EventCountry "BRA"]

1. e4 d6 2. d4 Nd7 3. Bc4 Ngf6 4. Nc3 b6 5. Nf3 Bb7 6. Ng5 e6 7. d5 exd5 8.
Nxd5 h6 9. Nxf6+ Qxf6 10. Nxf7 Rh7 11. f4 Bxe4 12. Qe2 Qe7 13. O-O d5 14. Ne5
Nxe5 15. fxe5 Qxe5 16. Bb5+ Ke7 17. c3 Kd8 18. Rxf8+ Ke7 19. Rxa8 g5 20. Re8+
1-0

[Event "IX Floripa Chess Open Fort Atacadista"]
[Site "Florianópolis - Santa Catari"]
[Date "2023.01.26"]
[Round "6.1"]
[White "Espindola, Carlos Marcelo"]
[Black "Cezar, Ricardo De Almeida"]
[Result "0-1"]
[WhiteElo "1457"]
[BlackElo "1795"]
[PlyCount "40"]
[EventDate "2023.01.23"]
[EventRounds "10"]
[EventCountry "BRA"]

1. d4 d5 2. Nf3 Nf6 3. Bf4 c5 4. c3 Nc6 5. e3 Qb6 6. Qb3 c4 7. Qxb6 axb6 8.
Nbd2 b5 9. Be2 h6 10. h3 Bf5 11. O-O b4 12. Rfe1 e6 13. Ne5 bxc3 14. bxc3 Ba3
15. e4 Nxe4 16. Nxe4 Bxe4 17. Nxc6 bxc6 18. Bc1 Bxc1 19. Rexc1 Kd7 20. Re1 Ra4
0-1

[Event "IX Floripa Chess Open Fort Atacadista"]
[Site "Florianópolis - Santa Catari"]
[Date "2023.01.26"]
[Round "6.2"]
[White "Santos, Camila Marinho Godo"]
[Black "Figueiredo, Oneide De Souza"]
[Result "0-1"]
[WhiteElo "1669"]
[BlackElo "1304"]
[PlyCount "74"]
[EventDate "2023.01.23"]
[EventRounds "10"]
[EventCountry "BRA"]

1. d4 d5 2. Nc3 Bf5 3. e3 a6 4. Nge2 e6 5. Nf4 Nf6 6. g3 Bb4 7. a3 Bxc3+ 8.
bxc3 Ne4 9. Qd3 Ng5 10. Qe2 Ne4 11. Bb2 Nc6 12. Bg2 Na5 13. f3 Nf6 14. Rb1 Qd7
15. e4 dxe4 16. fxe4 Bg4 17. Qe3 Nc4 18. Qf2 g5 19. Bf3 gxf4 20. e5 Bxf3 21.
Qxf3 Nd5 22. Ba1 b5 23. O-O Rg8 24. Qg2 Nce3 25. Qh3 Nxf1 26. Qxh7 Kf8 27. Rxf1
Qe7 28. Qh6+ Ke8 29. c4 bxc4 30. Kh1 Kd7 31. gxf4 Rh8 32. Qg7 Rag8 33. Qf6 Nxf6
34. d5 Ng4 35. d6 Qh4 36. Kg2 Ne3+ 37. Kf3 Nxf1 0-1

[Event "IX Floripa Chess Open Fort Atacadista"]
[Site "Florianópolis - Santa Catari"]
[Date "2023.01.26"]
[Round "6.3"]
[White "Lopes, Marcia Maria Dias"]
[Black "Mauro, Roberto Da Silva"]
[Result "1/2-1/2"]
[WhiteElo "1283"]
[BlackElo "1590"]
[PlyCount "95"]
[EventDate "2023.01.23"]
[EventRounds "10"]
[EventCountry "BRA"]

1. d4 d5 2. Bf4 Nf6 3. Nf3 e6 4. e3 Be7 5. c3 Nbd7 6. h3 c5 7. Nbd2 O-O 8. Bd3
c4 9. Bc2 b5 10. a3 Bb7 11. O-O Ne4 12. Qe2 f5 13. Ne5 Nxe5 14. Bxe5 Bd6 15.
Nf3 a5 16. Bxe4 dxe4 17. Nd2 Bxe5 18. dxe5 Qc7 19. a4 Qxe5 20. axb5 Qxb5 21.
Qxc4 Qd7 22. Rfd1 Ba6 23. Qd4 Qb5 24. c4 Qb4 25. Qc3 Rfd8 26. Qxb4 axb4 27. b3
Bb7 28. Rxa8 Rxa8 29. Kf1 Ra2 30. Ke1 Kf7 31. Rc1 Ke7 32. Kd1 Kd7 33. c5 Ba6
34. Nc4 Bxc4 35. Rxc4 Kc6 36. Rc2 Rxc2 37. Kxc2 Kxc5 38. g3 g5 39. g4 Kd5 40.
Kd2 Ke5 41. Ke2 f4 42. Kd2 Kf6 43. Ke1 Kg6 44. Kf1 h5 45. Kg2 e5 46. Kf1 h4 47.
Ke1 fxe3 48. fxe3 1/2-1/2

[Event "IX Floripa Chess Open Fort Atacadista"]
[Site "Florianópolis - Santa Catari"]
[Date "2023.01.26"]
[Round "6.4"]
[White "Meirelles, Olyntho Vitoria"]
[Black "Solaeche G., Axel Jose"]
[Result "0-1"]
[WhiteElo "1428"]
[BlackElo "1106"]
[PlyCount "26"]
[EventDate "2023.01.23"]
[EventRounds "10"]
[EventCountry "BRA"]

1. e4 e5 2. f4 d6 3. Nf3 Nc6 4. Bc4 h6 5. f5 Nf6 6. Nc3 Bd7 7. d3 a6 8. O-O b5
9. Bb3 Na5 10. Be3 Be7 11. Qd2 c6 12. Nd1 Nb7 13. c3 Ng4 0-1

[Event "IX Floripa Chess Open Fort Atacadista"]
[Site "Florianópolis - Santa Catari"]
[Date "2023.01.26"]
[Round "6.7"]
[White "Nogueira, Manuela Mahara Buch"]
[Black "Lisboa, Maria Eduarda Mazza"]
[Result "0-1"]
[WhiteElo "1800"]
[BlackElo "1743"]
[PlyCount "40"]
[EventDate "2023.01.23"]
[EventRounds "10"]
[EventCountry "BRA"]

1. e4 e5 2. Nf3 Nc6 3. Bc4 Bc5 4. O-O Nf6 5. Nc3 O-O 6. d3 d6 7. Be3 Nd4 8.
Nxd4 exd4 9. Bd2 dxc3 10. Bxc3 Bd7 11. Qd2 a6 12. Rad1 b5 13. Bb3 Bb6 14. a3
Qb8 15. Rfe1 Qa7 16. Ba2 Ng4 17. Rc1 Bxf2+ 18. Kf1 Bxe1 19. Rxe1 Nxh2+ 20. Ke2
Bg4# 0-1

[Event "IX Floripa Chess Open Fort Atacadista"]
[Site "Florianópolis - Santa Catari"]
[Date "2023.01.26"]
[Round "6.8"]
[White "Da Silva Neto, Edvalte Jose"]
[Black "Sikorski, Valentim Enrico"]
[Result "1-0"]
[WhiteElo "1707"]
[BlackElo "1800"]
[PlyCount "21"]
[EventDate "2023.01.23"]
[EventRounds "10"]
[EventCountry "BRA"]

1. d4 f5 2. e3 e6 3. Nf3 d5 4. Be2 c6 5. O-O Nf6 6. c4 dxc4 7. Bxc4 Bd6 8. Nc3
Ne4 9. Ne2 O-O 10. Qb3 Re8 11. Ng3 1-0

[Event "IX Floripa Chess Open Fort Atacadista"]
[Site "Florianópolis - Santa Catari"]
[Date "2023.01.26"]
[Round "6.9"]
[White "Silveira, Benicio Solon"]
[Black "Buffon, Maria Ivy Segalin"]
[Result "0-1"]
[WhiteElo "1800"]
[BlackElo "1703"]
[PlyCount "66"]
[EventDate "2023.01.23"]
[EventRounds "10"]
[EventCountry "BRA"]

1. e4 e5 2. Nf3 Nc6 3. Nc3 Bc5 4. Bc4 Nf6 5. O-O d6 6. d3 h6 7. h3 Be6 8. Bxe6
fxe6 9. Be3 Bb6 10. Bxb6 axb6 11. a3 O-O 12. Rc1 d5 13. Kh1 d4 14. Ne2 Nh5 15.
Qd2 Qe7 16. Ng3 Nf4 17. Rfe1 Nxh3 18. gxh3 Rxf3 19. Qe2 Qf7 20. Kg2 Rf8 21. Rf1
Ne7 22. c3 Ng6 23. Rc2 Nf4+ 24. Kh2 Nxe2 25. Rxe2 Qg6 26. Kg2 Rxg3+ 27. fxg3
Rxf1 28. Kxf1 Qxg3 29. cxd4 Qxh3+ 30. Ke1 exd4 31. Rd2 g5 32. Kf2 g4 33. Kg1
Qe3+ 0-1

[Event "IX Floripa Chess Open Fort Atacadista"]
[Site "Florianópolis - Santa Catari"]
[Date "2023.01.26"]
[Round "6.10"]
[White "Trentini, Agata Papini"]
[Black "Berteli, Laura Manarim"]
[Result "0-1"]
[WhiteElo "1800"]
[BlackElo "1682"]
[PlyCount "60"]
[EventDate "2023.01.23"]
[EventRounds "10"]
[EventCountry "BRA"]

1. e4 c5 2. Bb5 a6 3. Bc4 b5 4. Bd5 Ra7 5. d4 e6 6. Qe2 Nf6 7. Bg5 Be7 8. Nf3
exd5 9. e5 Nh5 10. Bd2 O-O 11. O-O Nc6 12. Nc3 cxd4 13. Nxd5 Bc5 14. c3 d6 15.
exd6 Qxd6 16. Ng5 Qxd5 17. Qxh5 h6 18. Rfe1 hxg5 19. h3 Na5 20. Re2 Bb7 21. f3
d3+ 22. Re3 Re8 23. Rae1 Nc4 24. Kh2 Nxe3 25. Bxe3 Bxe3 26. a3 Bf4+ 27. Kg1
Rxe1+ 28. Kf2 Re2+ 29. Kf1 Qa2 30. Kg1 Qa1# 0-1